Veľká októbrová socialistická revolúcia v poézii našich a sovietskych básnikov bibliograficko-textový materiál k 60. výročiu VOSR

Podrobná bibliografia
Hlavný autor: Vydrová, Anna, 1939-2015 (Autor)
Médium: Kniha
Jazyk:slovenčina
Fyzický popis:22 s. 29 cm
Vydavateľské údaje: Levice Okresná knižnica 1977
Predmet:

MARC

LEADER 00000cam a2200000 a 4500
001 vtls001110369
003 SK-MaSNL
005 20260301233230.0
008 240314s1977 xo g n 00000 slo
015 |a SNBA1977 
020 |q (brož.) 
035 |a SNK000053212 
040 |a SNK  |b slo  |c SNK  |e AACR2 
041 0 |a slo 
044 |a xo  |c SK 
080 |a 82:016:882+82(47)+885.4  |2 1981 
080 |a 016  |2 1981 
080 |a 882  |2 1981 
080 |a 82(47)  |2 1981 
080 |a 885.4  |2 1981 
100 1 |a Vydrová, Anna,  |d 1939-2015  |4 aut  |9 37601 
245 1 0 |a Veľká októbrová socialistická revolúcia v poézii našich a sovietskych básnikov  |b bibliograficko-textový materiál k 60. výročiu VOSR  |c zostavila: Anna Vydrová 
260 |a Levice  |b Okresná knižnica  |c 1977 
300 |a 22 s.  |c 29 cm 
366 |e 200 výt. 
504 |a Bibliogr. odkazy 
650 0 7 |a ruská literatúra  |2 SNKPH  |9 1204 
650 0 7 |a slovenská literatúra  |2 SNKPH  |9 1115 
650 0 7 |a októbrová revolúcia (1917 : Rusko)  |2 SNKPH  |9 164524 
650 0 7 |a ruská poézia  |2 SNKPH  |9 66518 
650 0 7 |a slovenská poézia  |2 SNKPH  |9 215422 
655 7 |a odporúčajúce bibliografie  |2 SNKPH  |9 74934 
655 7 |a jubilejné publikácie  |2 SNKPH  |9 70339 
655 7 |a zborníky  |2 SNKPH  |9 70165 
958 |a SF 
958 |a LX 
958 |a NB 
958 |a OND 
999 |c 965175  |d 967105 
952 |a SNK  |b SNK  |y PREZ  |7 0  |p 17A0967635  |o snkSB 26229  |i snkKSP 1702/78  |0 0  |1 0  |4 0  |d 2014-06-30  |f 1  |l 0  |r 2025-03-31 00:00:00  |w 2026-02-24 
952 |a SNK  |b SNK  |y VYP  |7 0  |p 17A1126482  |o snkSB 26229 D1  |i snk2018/26211  |8 5  |0 0  |1 0  |4 0  |d 2018-12-05  |l 0  |r 2026-02-24 10:34:26  |w 2026-02-24